000 00814cab a2200277 4500
001 X3428
008 090401t1996 xxu||||| |||| 00| 0 eng d
035 _a(Sirsi) u30452
041 _aeng
245 _aFacing the future in the Far-east
260 _c1996
350 _a0
490 _aCSM (Chartered Surveyor Monthly)
_v5(7) April 1996, 26-27(2)
520 _aLooks at insitutions in Hong Kong, China and Singapore, equivalent to the RICS, and their main concerns.
650 _aCHARTERSHIP
650 _aCHINA
650 _aFAR EAST
650 _aHONG KONG INSTITUTE OF SURVEYORS
650 _aHONG KONG
650 _aSINGAPORE INSTITUTE OF SURVEYORS AND VALUERS
650 _aSINGAPORE
650 _aSURVEYING
690 _aOVERSEAS-REST OF THE WORLD
942 _n0
948 _c04/03/1997
999 _c20526
_d20526